000 00637nam a2200205Ii 4500
003 JO-AjNU
008 230605s9999||||xx |||||||||||||| ||und||
040 _aJO-AjNU
_bara
_erda
_cJO-AjNU
041 _aara
050 1 4 _aPR6023.A518.I512 1984
100 3 _aلمينغ، جورج ؛ ترجمة سمير خوري,
_eauthor
_917248
245 0 0 _aفي قلعة جلدي
250 _aط1
264 3 1 _aبيروت: مؤسسة الأبحاث العربية، 1984
300 _a366ص
336 _atext
_btxt
_2rdacontent
337 _aunmediated
_bn
_2rdamedia
338 _avolume
_bnc
_2rdacarrier
650 4 _aقصص مترجمة
_917249
999 _aA5288
_c8856
_d8856